[Event "FSGM September"]
[Site "Budapest HUN"]
[Date "2004.09.05"]
[Round "2"]
[White "Sammalvuo,T"]
[Black "Bromberger,S"]
[Result "0-1"]
[WhiteElo "2445"]
[BlackElo "2440"]

1.e4 c5 2.Nf3 d6 3.d4 Nf6 4.Nc3 cxd4 5.Nxd4 a6 6.Be3 e6 7.f3 b5 8.g4 h6 9.Qd2 Nbd7
10.O-O-O Bb7 11.h4 b4 12.Na4 d5 13.Bh3 dxe4 14.g5 hxg5 15.hxg5 exf3 16.g6 Rxh3
17.Rxh3 Qa5 18.b3 Ne5 19.gxf7+ Kxf7 20.Bg5 Ne4 21.Qf4+ Kg8 22.Nxe6 Ng6 23.Rh8+ Nxh8
24.Rd7 Nf6 25.Bxf6 Ng6 26.Qc4 Qb5 27.Nxf8+ Qxc4 28.bxc4 f2 29.Rxg7+ Kxf8
30.Kb2 f1=Q 31.Rxg6  0-1

[Event "zt2.3.c2"]
[Site "San Jose CRC"]
[Date "2004.09.05"]
[Round "1"]
[White "Martinez,Ne"]
[Black "Leyva,H"]
[Result "0-1"]
[WhiteElo "2111"]
[BlackElo "2399"]

1.e4 c5 2.Nf3 d6 3.d4 cxd4 4.Nxd4 Nf6 5.Nc3 a6 6.Be3 e5 7.Nb3 Be7 8.f3 Be6
9.Qd2 O-O 10.O-O-O b5 11.g4 b4 12.Nd5 Bxd5 13.exd5 a5 14.Kb1 a4 15.Nc5 Qc8
16.Ne4 Nxe4 17.fxe4 b3 18.Rc1 bxa2+ 19.Ka1 Qb7 20.h4 Nd7 21.g5 Rfb8 22.c3 Bd8
23.Bh3 Bb6 24.Bxb6 Nxb6 25.c4 a3 26.b4 Na4 27.b5 Nc5 28.Qe3 Ra4 29.Kxa2 Rb4
30.Rh2 Qa7 31.Rc3 Ra8 32.Rhc2 Qa4 33.Qd2 Rb2+  0-1

[Event "1st Kalamaria Open"]
[Site "Thessaloniki GRE"]
[Date "2004.09.05"]
[Round "3"]
[White "Papadopoulos,I"]
[Black "Zagrebelny,S"]
[Result "1/2-1/2"]
[WhiteElo "2236"]
[BlackElo "2499"]

1.e4 c5 2.Nf3 d6 3.d4 cxd4 4.Nxd4 Nf6 5.Nc3 a6 6.Be3 e5 7.Nb3 Be6 8.f3 Be7
9.Qd2 O-O 10.O-O-O Qc7 11.g4 Rc8 12.g5 Nh5 13.Nd5 Bxd5 14.exd5 Nd7 15.Kb1 g6
16.Bh3 Re8 17.Bg4 Nf4 18.Bxd7 Qxd7 19.Bxf4 exf4 20.Qxf4 Bf8 21.Nd2 Bg7 22.Ne4 Re5
23.h4 Rd8 24.h5 Qf5 25.Qxf5 Rxf5 26.Rd3 gxh5 27.c4 b5 28.cxb5 axb5 29.Rxh5 f6
30.Ng3 Rxg5 31.Rxg5 fxg5 32.Ne4 h6 33.Rb3 Be5 34.Rxb5 Rf8 35.Rb3 Rf4 36.Re3 Bd4
37.Rd3 Be5 38.Re3 Bd4 39.Rd3  1/2-1/2

[Event "TCh-CRO"]
[Site "Rabac CRO"]
[Date "2004.09.07"]
[Round "3"]
[White "Sax,G"]
[Black "Stevic,H"]
[Result "1-0"]
[WhiteElo "2535"]
[BlackElo "2541"]

1.e4 c5 2.Nf3 d6 3.d4 cxd4 4.Nxd4 Nf6 5.Nc3 a6 6.Be3 Nc6 7.f3 e6 8.Qd2 Be7
9.O-O-O O-O 10.g4 Nxd4 11.Bxd4 b5 12.Kb1 Nd7 13.h4 Qc7 14.g5 b4 15.Na4 Bb7
16.b3 Bc6 17.Qxb4 Rfc8 18.Ka1 Rab8 19.Qc3 Qb7 20.Qa5 Bb5 21.c4 Bc6 22.Nb2 Nc5
23.Rh2 e5 24.Bxc5 dxc5 25.Rhd2 Qb4 26.Qxb4 cxb4 27.Bh3 Re8 28.Bd7 Bxd7 29.Rxd7 Bc5
30.Nd3 Bd4+ 31.Kb1 a5 32.f4 a4 33.Nxe5 Bc3 34.Nc6 Ra8 35.bxa4 Rxa4 36.Rd8 Ra8
37.Rxa8 Rxa8 38.Rd8+ Rxd8 39.Nxd8 Kf8 40.Kc2 Be1 41.h5 Bg3 42.f5 Bh4 43.Nc6 Bxg5
44.Nxb4 g6 45.fxg6 fxg6 46.hxg6 hxg6 47.a4 Ke7 48.a5 Kd6 49.a6 Be3 50.e5+ Kxe5
51.c5  1-0

[Event "FSGM September"]
[Site "Budapest HUN"]
[Date "2004.09.08"]
[Round "5"]
[White "Bromberger,S"]
[Black "Berczes,D"]
[Result "1-0"]
[WhiteElo "2440"]
[BlackElo "2351"]

1.e4 c5 2.Nf3 d6 3.d4 cxd4 4.Nxd4 Nf6 5.Nc3 a6 6.Be3 Ng4 7.Bg5 h6 8.Bh4 g5
9.Bg3 Bg7 10.h3 Ne5 11.Nf5 Bxf5 12.exf5 Nbc6 13.Nd5 e6 14.Ne3 O-O 15.c3 d5
16.fxe6 fxe6 17.Be2 Qe7 18.O-O Rad8 19.Qe1 Ng6 20.Rd1 Nf4 21.Bd3 Kh8 22.Bb1 h5
23.Rd2 Qf7 24.c4 Ne5 25.cxd5 Nxh3+ 26.Kh1 Nf4 27.dxe6 Qxe6 28.Rxd8 Rxd8 29.Qa5 Rf8
30.Qb4 Nc6 31.Qc5 Qe7 32.Qc2 Be5 33.Nc4 Bf6 34.Bxf4 gxf4 35.Qg6 Qg7 36.Qxh5+ Kg8
37.Kg1 Nd4 38.Be4 Rd8 39.Re1 Kf8 40.Bd5 b5 41.Ne5 Bxe5 42.Rxe5 f3 43.Bxf3 Nxf3+
44.Qxf3+ Kg8 45.Re4  1-0

[Event "FSGM September"]
[Site "Budapest HUN"]
[Date "2004.09.09"]
[Round "6"]
[White "Malysheva,P"]
[Black "Ilincic,Z"]
[Result "1-0"]
[WhiteElo "2364"]
[BlackElo "2520"]

1.e4 c5 2.Nf3 d6 3.d4 cxd4 4.Nxd4 Nf6 5.Nc3 a6 6.Be3 e6 7.g4 h6 8.Bg2 Nc6
9.h3 Ne5 10.Qe2 g5 11.O-O-O Qc7 12.Nf3 Ng6 13.h4 Nxg4 14.hxg5 Nxe3 15.Qxe3 Qc5
16.Qd2 Bd7 17.gxh6 O-O-O 18.Kb1 Be7 19.Rdg1 Bf6 20.Bf1 Bc6 21.Bd3 Rdg8 22.Nd1 b5
23.Ne3 Ne5 24.Rxg8+ Rxg8 25.Nxe5 Qxe5 26.Nd1 Bg5 27.Qc3 Qxc3 28.Nxc3 Rh8
29.h7 Kd7 30.Rh5 f6 31.Ne2 e5 32.Ng3 Ke6 33.c4 Kf7 34.cxb5 axb5 35.Nf5 d5
36.exd5 Bxd5 37.Nd6+ Ke6 38.Nxb5 e4 39.Nc7+ Ke5 40.Nxd5 Kxd5  1-0

[Event "TCh-SCG Men"]
[Site "Budva SCG"]
[Date "2004.09.09"]
[Round "2"]
[White "Civric,Z"]
[Black "Jakovljevic,Vlado"]
[Result "0-1"]
[WhiteElo "2191"]
[BlackElo "2426"]

1.e4 c5 2.Nf3 d6 3.d4 cxd4 4.Nxd4 Nf6 5.Nc3 a6 6.Be3 e6 7.f3 Nc6 8.Qd2 Be7
9.O-O-O O-O 10.g4 Nxd4 11.Bxd4 b5 12.Kb1 b4 13.Ne2 a5 14.Be3 Bb7 15.Nd4 Nd7
16.h4 Rc8 17.Bg5 Ne5 18.Qg2 a4 19.Bxe7 Qxe7 20.g5 f5 21.gxf6 Qxf6 22.Rg1 a3
23.f4 Nc6 24.e5 dxe5 25.Nxe6 Rf7 26.Bc4 Nd4 27.Bd5 Nxe6 28.Bxb7 e4 29.c3 Rxb7
30.Qxe4 bxc3 31.Qxb7 c2+ 32.Ka1 cxd1=Q+ 33.Rxd1 Qxb2+ 34.Qxb2 axb2+ 35.Kxb2 Nxf4
36.a4 Ne6 37.Kb3 Nc5+ 38.Kb4 Nxa4 39.Kxa4 Rc4+ 40.Kb3 Rxh4 41.Rd7 h6 42.Kc3 Re4
43.Kd3 Re8  0-1

[Event "8th WUCC"]
[Site "Instanbul TUR"]
[Date "2004.09.10"]
[Round "8"]
[White "Erdogdu,M"]
[Black "Ghaem Maghami,E"]
[Result "0-1"]
[WhiteElo "2382"]
[BlackElo "2552"]

1.e4 c5 2.Nf3 d6 3.d4 cxd4 4.Nxd4 Nf6 5.Nc3 a6 6.Be3 e5 7.Nb3 Be6 8.f3 Be7
9.Qd2 O-O 10.O-O-O Qc7 11.g4 Rc8 12.g5 Nh5 13.Kb1 Nd7 14.Nd5 Bxd5 15.exd5 a5
16.a4 Nb6 17.Bxb6 Qxb6 18.Bb5 Nf4 19.Rhg1 Qd8 20.h4 f6 21.gxf6 Bxf6 22.Qh2 Kh8
23.Nd2 Qe7 24.Ne4 Rf8 25.h5 Rad8 26.Rh1 Qf7 27.Qd2 Qc7 28.Rde1 Rf7 29.Re3 Rdf8
30.Rc3 Qd8 31.Rb3 Qc7 32.Rc3 Qd8 33.Rb3 h6 34.Bf1 Qc7 35.Rb5 Bd8 36.Rb3 Rf5
37.Rc3 Qe7 38.Bb5 Rxh5 39.Rd1 Rhf5 40.Qf2 Nh3 41.Qa7 Rxf3 42.Rc8 Nf2 43.Nxf2 Rxf2
44.Rb8 R2f7 45.Rd3 Kh7 46.Qa8 Bb6  0-1

[Event "TCh-CRO w"]
[Site "Rabac CRO"]
[Date "2004.09.10"]
[Round "6"]
[White "Pokorna,Reg"]
[Black "Belamaric,T"]
[Result "1-0"]
[WhiteElo "2372"]
[BlackElo "2113"]

1.e4 c5 2.Nf3 d6 3.d4 cxd4 4.Nxd4 Nf6 5.Nc3 a6 6.Be3 e5 7.Nb3 Be6 8.Be2 Be7
9.O-O Nbd7 10.a4 O-O 11.a5 Rc8 12.f3 Qc7 13.Rf2 Qc6 14.Bd3 d5 15.exd5 Nxd5
16.Nxd5 Bxd5 17.Bf5 Be6 18.Be4 Qc7 19.Qd3 Nf6 20.Bb6 Qb8 21.Re1 Nxe4 22.Qxe4 Rc4
23.Qe2 Rfc8 24.c3 R4c6 25.Nd2 Rxb6 26.axb6 Bc5 27.Qxe5 Qxe5 28.Rxe5 Bxb6
29.Kf1 Bxf2 30.Kxf2 Rc6 31.Ne4 f6 32.Rc5 Rxc5 33.Nxc5 Bd5 34.Ke3 Kf7 35.Kd4 Bc6
36.Nb3 b6 37.Nd2 g5 38.Nc4 g4 39.fxg4 Bxg2 40.Nxb6 Ke6 41.c4 Bf3 42.Na4 Bxg4
43.Nc5+ Kd6 44.Nxa6 Bc8 45.Nb4 Bb7 46.c5+  1-0

[Event "FSGM September"]
[Site "Budapest HUN"]
[Date "2004.09.11"]
[Round "8"]
[White "Sammalvuo,T"]
[Black "Ilincic,Z"]
[Result "1-0"]
[WhiteElo "2445"]
[BlackElo "2520"]

1.e4 c5 2.Nf3 d6 3.d4 cxd4 4.Nxd4 Nf6 5.Nc3 a6 6.Be3 e6 7.f3 b5 8.g4 h6 9.Qd2 b4
10.Na4 d5 11.e5 Nfd7 12.f4 Bb7 13.Bd3 Qa5 14.b3 Nc6 15.Qf2 Rb8 16.f5 Ncxe5
17.fxe6 fxe6 18.O-O Bd6 19.Qh4 Nf8 20.Nxe6 Nxe6 21.Bb6 Qxb6+ 22.Nxb6 Bc5+
23.Kg2 Nxd3 24.Qh5+ Kd8 25.cxd3 Ng5 26.Qg6 d4+ 27.Kg3 Re8 28.Rae1 Be4 29.dxe4 Rxb6
30.Qf5 Re5 31.Qxe5 Bd6 32.Qxd6+ Rxd6 33.h4 Ne6 34.Rf5 Rc6 35.g5 Rc3+ 36.Kg4 hxg5
37.hxg5 Rc2 38.Rf7 Ke8 39.Ra7 Nc7 40.Rd1 Nb5 41.Rxg7 Kf8 42.Rh7 Rxa2 43.Rdh1 Nd6
44.Rd7 Nf7 45.Rf1  1-0

[Event "Open"]
[Site "Pune IND"]
[Date "2004.09.12"]
[Round "10"]
[White "Bakre,T"]
[Black "Das,A"]
[Result "1-0"]
[WhiteElo "2492"]
[BlackElo "2352"]

1.e4 c5 2.Nf3 d6 3.d4 cxd4 4.Nxd4 Nf6 5.Nc3 a6 6.Be3 Nc6 7.f4 e5 8.Nxc6 bxc6
9.fxe5 Ng4 10.Qd2 Nxe5 11.Be2 Be7 12.O-O O-O 13.Na4 Be6 14.b3 Qc7 15.Rad1 Rfe8
16.Bd4 Ng6 17.Qc3 Bf8 18.Bb6 Qb7 19.Bf2 Rad8 20.Qa5 Bc8 21.Nc5 Qa8 22.Qb6 a5
23.Be1 d5 24.Na4 Rd6 25.e5 Rxe5 26.Bd3 c5 27.Qxa5 Qxa5 28.Bxa5 c4 29.Bxg6 Rxg6
30.Bc7 Reg5 31.Rf2 Bd7 32.Bf4 Bxa4 33.Bxg5 Rxg5 34.bxa4 Bc5 35.Rb1 h6 36.Rb8+ Kh7
37.Rb5 Bxf2+ 38.Kxf2 Rf5+ 39.Ke2 Re5+ 40.Kd2 Rf5 41.a5 Rf2+ 42.Kc3 d4+ 43.Kxc4 Rxc2+
44.Kb3 d3 45.a6 Rc6 46.Rd5 Rxa6 47.a4 Rb6+ 48.Kc3 Rb1 49.Rxd3 Ra1 50.Kb4 f5
51.a5 f4 52.Ra3 Rb1+ 53.Kc5 Rc1+ 54.Kd6 Rd1+ 55.Ke5 g5 56.a6 Rd8 57.a7 Ra8
58.Ra6 Kg7 59.h3 Kh7 60.Kf5 Kg7 61.Kg4 Kh7 62.Kh5 Kg7 63.Rg6+ Kf8 64.Ra6 Kg7
65.Ra4 Kf6 66.Ra5 Kg7 67.Ra6 f3 68.gxf3 Kh7 69.Rxh6+ Kg7 70.Ra6 Rh8+ 71.Kxg5 Ra8
72.Kf5 Kf7 73.h4  1-0

[Event "Open"]
[Site "Pune IND"]
[Date "2004.09.12"]
[Round "10"]
[White "Roy Chowdhury,S"]
[Black "Sherbakov,R"]
[Result "1/2-1/2"]
[WhiteElo "2393"]
[BlackElo "2555"]

1.e4 c5 2.Nc3 d6 3.Nf3 Nf6 4.d4 cxd4 5.Nxd4 a6 6.Be3 e5 7.Nf3 Be7 8.Bc4 O-O
9.O-O Nbd7 10.Bg5 b5 11.Bb3 Bb7 12.Re1 Rc8 13.Re2 Nb6 14.Bxf6 Bxf6 15.Nd5 Nc4
16.c3 g6 17.Bxc4 Rxc4 18.Qd3 Bg7 19.Nd2 Rc5 20.Nb3 Bxd5 21.exd5 Rc4 22.Re4 Qc7
23.Nd2 Rxe4 24.Nxe4 h6 25.a4 f5 26.Nd2 e4 27.Qe2 b4 28.cxb4 Bxb2 29.Re1 Qc2
30.Nc4 Bc3 31.Na5 Bxb4 32.Nc6 Bc5 33.Kf1 Kf7 34.a5 Kf6 35.Nb8 Bd4 36.Nxa6 Kg5
37.Nc7 Be5 38.a6  1/2-1/2

[Event "TCh-SCG Men"]
[Site "Budva SCG"]
[Date "2004.09.13"]
[Round "6"]
[White "Todorovic,GM"]
[Black "Aleksic,Nen1"]
[Result "1/2-1/2"]
[WhiteElo "2540"]
[BlackElo "2395"]

1.e4 c5 2.Nf3 d6 3.d4 cxd4 4.Nxd4 Nf6 5.Nc3 a6 6.Be3 e6 7.g4 e5 8.Nf5 h5
9.g5 Nxe4 10.Nxg7+ Bxg7 11.Nxe4 d5 12.Nf6+ Bxf6 13.gxf6 Be6 14.Rg1 Nc6 15.Bg2 d4  1/2-1/2

[Event "TCh-SCG 2nd Liga"]
[Site "Sutomore SCG"]
[Date "2004.09.14"]
[Round "7"]
[White "Parligras,M"]
[Black "Djukanovic,S"]
[Result "1-0"]
[WhiteElo "2564"]
[BlackElo "2347"]

1.e4 c5 2.Nc3 a6 3.Nf3 d6 4.d4 cxd4 5.Nxd4 Nf6 6.Be3 e5 7.Nb3 Be6 8.f4 exf4
9.Bxf4 Nc6 10.Qd2 Be7 11.O-O-O Ne5 12.Nd4 Qc7 13.Nf5 Bxf5 14.exf5 O-O 15.g4 Nexg4
16.Rg1 Kh8 17.Qg2 Rg8 18.Rd3 Qc5 19.Rg3 Qxf5 20.Rxg4 Nxg4 21.Qxg4 Qxg4 22.Rxg4 f5
23.Rg2 Bf6 24.Bxd6 Rad8 25.Bc5 Rge8 26.Bd3 Bd4 27.Bxd4 Rxd4 28.Ne2 Ra4 29.a3 Ra5
30.Kd2 g6 31.c4 Kg7 32.Nf4 Rae5 33.Kc3 Kf7 34.b4 Re1 35.a4 b6 36.Nd5 R8e6
37.c5 bxc5 38.bxc5 Rd1 39.Rb2 Rc6 40.Kd4 Rxd3+ 41.Kxd3 Rxc5 42.Kd4 Ra5 43.Rb7+ Ke6
44.Rb6+ Kf7 45.Nc3 g5 46.Rd6 f4 47.Rd5 Rxd5+ 48.Nxd5 Ke6 49.Nc7+ Kd6 50.Nxa6 g4
51.Nc5 Kc6 52.Ne4 Kb6 53.Ke5 g3 54.Nxg3 fxg3 55.hxg3 Ka5 56.Kf6  1-0

[Event "FSGM September"]
[Site "Budapest HUN"]
[Date "2004.09.16"]
[Round "13"]
[White "Sammalvuo,T"]
[Black "Berczes,D"]
[Result "1-0"]
[WhiteElo "2445"]
[BlackElo "2351"]

1.e4 c5 2.Nf3 d6 3.d4 cxd4 4.Nxd4 Nf6 5.Nc3 a6 6.Be3 Ng4 7.Bg5 h6 8.Bh4 g5
9.Bg3 Bg7 10.Be2 h5 11.Bxg4 Bxg4 12.f3 Bd7 13.Bf2 Nc6 14.O-O Ne5 15.Nf5 Bxf5
16.exf5 e6 17.fxe6 fxe6 18.Ne4 Nf7 19.Bd4 e5 20.Be3 d5 21.Nc5 d4 22.Ne6 Qc8
23.Nxg7+ Kf8 24.Nxh5 Rxh5 25.Bf2 Rh6 26.Bg3 Qf5 27.Qd3 Qxd3 28.cxd3 Rc8 29.Rf2 Rhc6
30.Re2 Rc1+ 31.Rxc1 Rxc1+ 32.Kf2 Rc5 33.h4 gxh4 34.Bxh4 Kg7 35.Bg3 Kf6 36.f4 exf4
37.Bxf4 Nd8 38.Kf3 Ne6 39.g4 Ra5 40.a3 Rb5 41.Ke4 Kg6 42.Bd6 Kg5 43.Be5 Nc5+
44.Kxd4 Kxg4 45.b4 Nd7 46.Bc7 Kf5 47.Kc4 Kf6 48.Bd8+ Kg6 49.Re6+ Kf5 50.Rd6 Ne5+
51.Kc3 Nc6 52.Bc7 Kg4 53.Rd7 Kf3 54.Rf7+ Ke2 55.Rh7 Rf5 56.Rh2+ Kf3 57.Rh4 Rg5
58.Rf4+ Ke2 59.Bb6 Ke1 60.Rf7 Ke2 61.Rxb7 Rg3 62.Rd7 Kd1 63.Rd5 Rg2 64.Bc5 Rc2+
65.Kb3 Kd2 66.Be3+ Kd1 67.Rd6 Ne5 68.Bf4 Nf3 69.a4 a5 70.bxa5 Rc8 71.a6 Rf8
72.a7 Ra8 73.Rd7 Ke2 74.Bb8 Ke3 75.Kc4  1-0

[Event "TCh-SCG Men"]
[Site "Budva SCG"]
[Date "2004.09.16"]
[Round "8"]
[White "Kalezic,B"]
[Black "Vujacic,B"]
[Result "1/2-1/2"]
[WhiteElo "2446"]
[BlackElo "2400"]

1.e4 c5 2.Nf3 d6 3.d4 cxd4 4.Nxd4 Nf6 5.Nc3 a6 6.Be3 e5 7.Nb3 Be6 8.f3 Nbd7
9.g4 Nb6 10.g5 Nh5 11.Qd2 Be7 12.O-O-O Rc8 13.Kb1 O-O 14.Rg1 g6 15.h4 Qc7
16.Nd5 Nxd5 17.exd5 Bf5 18.Bd3 Bxd3 19.Qxd3 b5 20.Nd2 a5 21.Rc1 Qb7 22.c4 Rb8
23.cxb5 Qxb5 24.Nc4 a4 25.Qd2  1/2-1/2

[Event "TCh-SCG 2nd Liga"]
[Site "Sutomore SCG"]
[Date "2004.09.16"]
[Round "9"]
[White "Mijovic,S"]
[Black "Krivokapic,M"]
[Result "1/2-1/2"]
[WhiteElo "2186"]
[BlackElo "2329"]

1.e4 c5 2.Nf3 d6 3.d4 cxd4 4.Nxd4 Nf6 5.Nc3 a6 6.Be3 e6 7.g4 b5 8.g5 Nfd7
9.Bg2 Bb7 10.f4 Nc5 11.a3 Nc6 12.Qe2 Qc7 13.Nxc6 Bxc6 14.O-O Be7 15.f5 Qb7
16.Bd2 e5 17.Rad1 Bd8 18.Bc1 Bb6 19.Kh1 Rd8 20.Nd5 Bxd5 21.Rxd5 Na4 22.c3 Bc5
23.Rd3 Bb6 24.Rfd1  1/2-1/2

[Event "TCh-SCG 2nd Liga"]
[Site "Sutomore SCG"]
[Date "2004.09.16"]
[Round "9"]
[White "Saranovic,M"]
[Black "Genov,Peta"]
[Result "0-1"]
[WhiteElo "2062"]
[BlackElo "2485"]

1.e4 c5 2.Nf3 d6 3.d4 cxd4 4.Nxd4 Nf6 5.Nc3 a6 6.Be3 e6 7.f3 b5 8.g4 Bb7
9.Qd2 Be7 10.g5 Nfd7 11.O-O-O Nc6 12.h4 Rc8 13.Kb1 Nce5 14.Qf2 b4 15.Nce2 Nc4
16.Bc1 Qb6 17.Rh2 a5 18.h5 Nde5 19.Bh3 a4 20.f4 Bxe4 21.fxe5 b3 22.Rf1 O-O
23.Nc3 Na3+ 24.Ka1 Rxc3 25.bxc3 bxc2 26.Nb3 Qb7 27.g6 axb3 28.gxf7+ Kh8 29.Bxa3 Qa6
30.Kb2 dxe5 31.Bxe7 Qxa2+ 32.Kc1 b2+ 33.Kd2 Qd5+ 34.Qd4 exd4 35.Bxf8 Qg5+  0-1

[Event "TCh-SCG Men"]
[Site "Budva SCG"]
[Date "2004.09.17"]
[Round "9"]
[White "Draganic,V"]
[Black "Benderac,S"]
[Result "1/2-1/2"]
[WhiteElo "2279"]
[BlackElo "2312"]

1.e4 c5 2.Nf3 d6 3.d4 cxd4 4.Nxd4 Nf6 5.Nc3 a6 6.Be3 e5 7.Nb3 Be6 8.Qe2 Nbd7
9.O-O-O Qc7 10.f3 b5 11.Kb1 Be7 12.Qf2 h5 13.g3 O-O 14.h3 b4 15.Nd5 Bxd5
16.exd5 a5 17.g4 a4 18.Nc1 a3 19.b3  1/2-1/2

[Event "HUN-GER Match"]
[Site "Budapest HUN"]
[Date "2004.09.19"]
[Round "4"]
[White "Lutz,C"]
[Black "Berkes,F"]
[Result "1/2-1/2"]
[WhiteElo "2596"]
[BlackElo "2614"]

1.e4 c5 2.Nf3 d6 3.d4 cxd4 4.Nxd4 Nf6 5.Nc3 a6 6.Be3 e6 7.f3 b5 8.g4 Nfd7
9.Qd2 Nb6 10.a4 bxa4 11.Nxa4 Nxa4 12.Rxa4 Be7 13.g5 O-O 14.h4 Qe8 15.Ra1 Nc6
16.Bc4 Rb8 17.Bb3 Nxd4 18.Qxd4 f5 19.h5 fxe4 20.fxe4 Qb5 21.h6 Qb4+ 22.Qxb4 Rxb4
23.Ra4 Rxa4 24.Bxa4 g6 25.Bb3 Bd7 26.Kd2 Ra8 27.Ra1 Kf7 28.Bc4 a5 29.b3  1/2-1/2

[Event "79th ch-ARG"]
[Site "Buenos Aires ARG"]
[Date "2004.09.24"]
[Round "1"]
[White "Fusco,L"]
[Black "Cristobal,M"]
[Result "1-0"]
[WhiteElo "2296"]
[BlackElo "2145"]

1.e4 c5 2.Nf3 d6 3.d4 cxd4 4.Nxd4 Nf6 5.Nc3 a6 6.Be3 e5 7.Nb3 Be7 8.f3 Nbd7
9.Qd2 Qc7 10.O-O-O Nc5 11.g4 h6 12.h4 Be6 13.Kb1 O-O-O 14.Qf2 b5 15.Be2 Kb7
16.g5 hxg5 17.hxg5 Nfd7 18.Rhg1 Nb6 19.f4 exf4 20.Qxf4 Rc8 21.Rd2 Nba4 22.Nd5 Bxd5
23.exd5 f6 24.g6 Rhe8 25.Bg4 Rcd8 26.Bf5 Nd7 27.Nd4 Nac5 28.c4 bxc4 29.Nc6 Ra8
30.Qxc4 Bf8 31.Bd4 Ne5 32.Qb4+ Qb6 33.Qxb6+ Kxb6 34.b4 Nf3 35.bxc5+ dxc5
36.Rb2+ Kc7 37.Rc1 Nxd4 38.Nxd4 Kd6 39.Ne6 Ke5 40.Bg4 f5 41.Re2+ Kf6 42.Rf1 Rab8+
43.Kc2 Kxg6 44.Bxf5+ Kf7 45.Bh7+  1-0

[Event "TCh-BEL 2004-5"]
[Site "Belgium BEL"]
[Date "2004.09.26"]
[Round "2"]
[White "Vandevoort,P"]
[Black "Naiditsch,A"]
[Result "1/2-1/2"]
[WhiteElo "2385"]
[BlackElo "2623"]

1.e4 c5 2.Nf3 d6 3.d4 cxd4 4.Nxd4 Nf6 5.Nc3 a6 6.Be3 e5 7.Nf3 Qc7 8.a4 Be7
9.Be2 b6 10.O-O O-O 11.Qd3 Nbd7 12.Qc4 Qxc4 13.Bxc4 Bb7 14.Nd2 Rac8 15.Rfd1 Rc7
16.f3 Ra8 17.b3 Rcc8 18.Nf1 g6 19.Bf2 Ne8 20.Ne3 Nc7 21.Ned5 Nxd5 22.Nxd5 Bd8
23.Nc3 Bc7 24.Nd5 Bd8 25.Nc3 Bc7 26.Nd5  1/2-1/2

[Event "GM Classic"]
[Site "Gausdal NOR"]
[Date "2004.09.29"]
[Round "7"]
[White "Sammalvuo,T"]
[Black "L'Ami,E"]
[Result "0-1"]
[WhiteElo "2445"]
[BlackElo "2486"]

1.e4 c5 2.Nf3 d6 3.d4 cxd4 4.Nxd4 Nf6 5.Nc3 a6 6.Be3 e6 7.f3 b5 8.g4 Bb7
9.Qd2 Nc6 10.O-O-O Rc8 11.g5 Nd7 12.h4 Nce5 13.h5 Nb6 14.b3 d5 15.Nb1 dxe4
16.fxe4 Bxe4 17.Rh4 Bd5 18.Qa5 Bc5 19.Qxa6 O-O 20.Nd2 Qc7 21.Nxb5 Qe7 22.Bxc5 Qxc5
23.c3 Ra8 24.b4 Qc6 25.Na7 Qxc3+ 26.Kb1 Qc7 27.Rc1 Qxa7 28.Rh1  0-1

[Event "Monarch Assurance"]
[Site "Port Erin IOM"]
[Date "2004.09.30"]
[Round "6"]
[White "Chandler,M"]
[Black "Zhang Zhong"]
[Result "1-0"]
[WhiteElo "2531"]
[BlackElo "2603"]

1.e4 c5 2.Nf3 d6 3.d4 Nf6 4.Nc3 cxd4 5.Nxd4 a6 6.Be3 e5 7.Nb3 Be6 8.f3 Be7
9.Qd2 O-O 10.O-O-O Nbd7 11.g4 b5 12.g5 b4 13.Ne2 Ne8 14.Ng3 a5 15.Kb1 Nb6
16.Nf5 Nc4 17.Bxc4 Bxc4 18.h4 Be6 19.h5 a4 20.Nc1 b3 21.cxb3 axb3 22.Nxb3 Qd7
23.Nxe7+ Qxe7 24.Nc1 f5 25.gxf6 Qxf6 26.Rdf1 Qf7 27.b3 Qb7 28.Kb2 Qa6 29.Qd3 Qa3+
30.Kb1 Nf6 31.Rh2 d5 32.Rc2 d4 33.Bd2 Nxh5 34.Rg1 Nf6 35.Rc6 Rfe8 36.Qb5 Kh8
37.Rb6 Rec8 38.Rg2 Bh3 39.Rh2 Nd7 40.Rc6 Rcb8 41.Qc4 Nb6 42.Rxb6 Rxb6 43.Rxh3 Rbb8
44.Rh2 Qf8 45.Qe6 Rb5 46.Qg6 Qg8 47.Kb2 Rab8 48.Qf5 R8b6 49.Bg5 h6 50.Rc2 Re6
51.Bd2 Rb8 52.Nd3 Rf8 53.Qg4 Qf7 54.Rc5 Rfe8 55.Qh3 Kg8 56.Qg4 Kh8 57.Qg3 Rg6
58.Nxe5 Rxg3 59.Nxf7+ Kh7 60.Nd6 Ra8 61.a4 Rxf3 62.a5 g5 63.Nf5 Rf2 64.Rc7+ Kg6
65.Rc6+ Kh5 66.Kc1 Kg4 67.Nxh6+ Kf3 68.Rf6+ Ke2 69.Rxf2+ Kxf2 70.b4 Ke2 71.Bxg5 Rb8
72.e5 Rb5 73.Nf5 Rxe5 74.Nxd4+ Kd3 75.Bf6 Re1+ 76.Kb2 Rf1 77.Bg7 Rg1 78.Ne6 Kc4
79.Bf8 Rg6 80.Nc7 Rc6 81.Na8 Kb5 82.Nb6 Rf6 83.Bc5 Rf5 84.Kc3 Rh5 85.Nc8 Rh3+
86.Kd4 Rh4+ 87.Kd5 Rh5+ 88.Kd6 Rh6+ 89.Kc7 Rh7+ 90.Kd6 Rh6+ 91.Kd7 Rh7+ 92.Be7 Rh6
93.Nb6 Rh7 94.Nd5 Rh5 95.Nc7+ Kc4 96.a6 Rh1 97.a7  1-0

[Event "VIII Itau Cup"]
[Site "Sao Paulo BRA"]
[Date "2004.10.01"]
[Round "8"]
[White "Arruda,W"]
[Black "Bittencourt,J"]
[Result "0-1"]
[WhiteElo "2128"]
[BlackElo "2353"]

1.e4 c5 2.Nf3 d6 3.d4 cxd4 4.Nxd4 Nf6 5.Nc3 a6 6.Be3 e6 7.Be2 Qc7 8.a4 Nc6
9.O-O Be7 10.f4 O-O 11.Qe1 Re8 12.Rd1 Nxd4 13.Bxd4 e5 14.Be3 exf4 15.Bxf4 Qb6+
16.Kh1 Qxb2 17.Bd3 Qb4 18.Bg5 Kf8 19.Rf4 Qa5 20.Bxf6 Bxf6 21.Nd5 Qxe1+ 22.Rxe1 Bd8
23.Rb1 Ra7 24.h4 Re5 25.g3 Bd7 26.Rbf1 f6 27.Ra1 Bc6 28.Bc4 Ke8 29.Kg2 Ra8
30.Kf3 Ba5 31.Ke3 Kd7 32.Kd3 Rae8 33.Rg4 Kc8 34.c3 Bxd5 35.Bxd5 R8e7 36.Rb1 f5
37.Rf4 fxe4+ 38.Bxe4 d5 39.Bf5+ Kc7 40.Rf3 g6 41.Bh3 Bb6 42.Kc2 Re2+ 43.Kb3 R2e3
44.Bg2 Ba5 45.Rxe3 Rxe3 46.Bxd5 Rxc3+ 47.Ka2 b6 48.Rb3 Rc5 49.Be4 Rc4 50.Bd3 Rxa4+
51.Kb2 b5 52.h5 Rg4 53.hxg6 hxg6 54.Bc2 Be1 55.Rf3 g5 56.Rf7+ Kb6 57.Rf6+ Ka5
58.Bf5 Rxg3 59.Bc8 Bc3+  0-1

[Event "FSGM October"]
[Site "Budapest HUN"]
[Date "2004.10.02"]
[Round "1"]
[White "Nyysti,S"]
[Black "Szabo,K"]
[Result "1/2-1/2"]
[WhiteElo "2358"]
[BlackElo "2371"]

1.e4 c5 2.Nf3 d6 3.d4 cxd4 4.Nxd4 Nf6 5.Nc3 a6 6.Be3 e6 7.f3 b5 8.g4 h6 9.Qd2 b4
10.Nce2 e5 11.Nb3 a5 12.c4 a4 13.Nbc1 Qa5 14.Ng3 g6 15.Bd3 Nbd7 16.O-O Nc5
17.Be2 Be6 18.Nd3 Nxd3 19.Qxd3 Be7 20.h3 g5 21.Kg2 Nd7 22.Nh5 Rg8 23.h4 Nf8
24.hxg5 hxg5 25.a3 b3 26.Rac1 Rc8 27.Rfd1 Ng6 28.c5 dxc5 29.Qb5+ Qxb5 30.Bxb5+ Kf8
31.Bxa4 c4 32.Bd7 Rd8 33.Bxe6 Rxd1 34.Rxd1 fxe6 35.Rc1 Bxa3 36.Rxc4 Bxb2
37.Rb4 Nf4+ 38.Nxf4 exf4 39.Rxb3 Be5 40.Bc5+ Kf7 41.Rb7+ Kg6 42.Re7 Kf6 43.Rd7  1/2-1/2

[Event "VIII Itau Cup"]
[Site "Sao Paulo BRA"]
[Date "2004.10.02"]
[Round "9"]
[White "Batista,Re2"]
[Black "Limberg,E"]
[Result "0-1"]
[WhiteElo "2261"]
[BlackElo "1967"]

1.e4 c5 2.Nf3 d6 3.d4 cxd4 4.Nxd4 Nf6 5.Nc3 a6 6.Be3 e5 7.Nb3 Be7 8.f3 Be6
9.Nd5 Nxd5 10.exd5 Bf5 11.Bd3 Bxd3 12.Qxd3 O-O 13.O-O Nd7 14.c4 Rc8 15.a4 a5
16.Rfc1 b6 17.Qd2 f5 18.f4 Bf6 19.Ra3 exf4 20.Bxf4 Ne5 21.Bxe5 Bxe5 22.Nd4 Qf6
23.Rd3 Rfe8 24.Nc6 Qh4 25.g3 Qe4 26.b3 Rc7 27.Rd1 Rf7 28.Qg2 Qg4 29.Qf3 Qg5
30.Rf1 h5 31.Kh1 h4 32.Qe3 Qg4 33.Rf4 Qg6 34.Rxh4 f4 35.Qe2 fxg3 36.hxg3 Ref8
37.Rd1 Qxg3 38.Ne7+ Rxe7 39.Qh5 Qf3+ 40.Qxf3 Rxf3  0-1

[Event "Monarch Assurance"]
[Site "Port Erin IOM"]
[Date "2004.10.03"]
[Round "9"]
[White "Schneider,Dm"]
[Black "Gottschlich,C"]
[Result "1/2-1/2"]
[WhiteElo "2454"]
[BlackElo "2382"]

1.e4 c5 2.Nf3 d6 3.d4 cxd4 4.Nxd4 Nf6 5.Nc3 a6 6.Be3 e6 7.f3 b5 8.g4 h6 9.Qd2 b4
10.Na4 d5 11.e5 Nfd7 12.f4 Bb7 13.O-O-O Nc6 14.b3 Nxd4 15.Bxd4 Bc6 16.Nb2 a5
17.Nd3 Be7 18.f5 Bg5 19.Nf4 a4 20.h4 Bxf4 21.Qxf4 Qe7 22.f6 Qf8 23.fxg7 Qxg7
24.Bd3 Rb8 25.g5 Bb5 26.Bxb5 Rxb5 27.Rhg1 hxg5 28.Rxg5 Qh7 29.h5 Rb7 30.Rdg1 Rc7
31.Qf2 Rf8 32.R1g2 axb3 33.axb3 Qd3 34.R5g3 Rxc2+ 35.Qxc2 Qxd4 36.Rg8 Qa1+
37.Kd2 Qd4+ 38.Qd3 Qb2+ 39.Qc2 Qd4+ 40.Qd3 Qxe5 41.h6 Qb2+ 42.Kd1 Qa1+ 43.Kc2 Qa2+
44.Kd1 Qa1+ 45.Ke2 Qe5+ 46.Qe3 Qh5+ 47.Kf2 Qh4+ 48.Kg1 d4 49.Qg5 Qe1+ 50.Kh2 Rxg8
51.Qxg8+ Nf8 52.Qg5 Qe4 53.Qb5+ Nd7 54.Rg8+ Ke7 55.Qxb4+ Kf6 56.Qd2 Ke7 57.Qb4+ Kf6
58.Qd2 Ke7 59.Qb4+  1/2-1/2

[Event "Piloo Mody Open"]
[Site "Lucknow IND"]
[Date "2004.10.04"]
[Round "4"]
[White "Bakre,T"]
[Black "Visweswaran,K"]
[Result "0-1"]
[WhiteElo "2492"]
[BlackElo "2299"]

1.e4 c5 2.Nf3 d6 3.d4 cxd4 4.Nxd4 Nf6 5.Nc3 a6 6.Be3 Ng4 7.Bg5 h6 8.Bh4 g5
9.Bg3 Bg7 10.h3 Ne5 11.f3 Nbc6 12.Bf2 Ng6 13.Qd2 Qa5 14.Nb3 Bxc3 15.bxc3 Qc7
16.Nd4 Nce5 17.Nf5 Bxf5 18.exf5 Nh4 19.Bxh4 gxh4 20.f4 Nd7 21.Bd3 Qc5 22.Be4 d5
23.Bxd5 Nf6 24.O-O-O O-O-O 25.c4 Rxd5 26.cxd5 Qa3+ 27.Kb1 Ne4  0-1

[Event "Open"]
[Site "Winterthur SUI"]
[Date "2004.10.07"]
[Round "7"]
[White "Blaeser,S"]
[Black "Rapparlie,W"]
[Result "0-1"]
[WhiteElo "2067"]
[BlackElo "2228"]

1.e4 c5 2.Nf3 d6 3.d4 cxd4 4.Nxd4 a6 5.Nc3 Nf6 6.Be3 e5 7.Nb3 Be6 8.Qd2 Be7
9.f3 Nbd7 10.g4 O-O 11.O-O-O b5 12.Kb1 Nb6 13.Bxb6 Qxb6 14.h4 b4 15.Nd5 Bxd5
16.exd5 a5 17.Qd3 e4 18.Qd4 Qc7 19.g5 a4 20.Nd2 Rfc8 21.Bc4 Nh5 22.fxe4 g6
23.Rhf1 Bf8 24.Rf3 Bg7 25.Qf2 Qe7 26.Qh2 Rxc4 27.Nxc4 Qxe4 28.Nd2 Qd4 29.c3 bxc3
30.Rxc3 a3 31.Rdc1 Be5 32.Qg2 Nf4 33.Qe4 Qxd2  0-1

[Event "FSGM October"]
[Site "Budapest HUN"]
[Date "2004.10.08"]
[Round "7"]
[White "Szabo,K"]
[Black "Seres,L"]
[Result "1-0"]
[WhiteElo "2371"]
[BlackElo "2448"]

1.e4 c5 2.Nf3 d6 3.d4 cxd4 4.Nxd4 Nf6 5.Nc3 a6 6.Be3 Nc6 7.f3 e6 8.Qd2 Be7
9.O-O-O O-O 10.g4 Nd7 11.h4 Nde5 12.Qf2 Bd7 13.g5 b5 14.Kb1 b4 15.Nce2 a5
16.Rg1 Nc4 17.Nxc6 Bxc6 18.Bc1 Qc7 19.Nd4 Bd7 20.h5 a4 21.g6 Bf6 22.gxh7+ Kxh7
23.Bd3 Kh8 24.Bg5 Bxg5 25.Rxg5 a3 26.Rxg7 axb2 27.e5 Kxg7 28.Qg3+ Kh8 29.Qg5  1-0